00412nam a2200145Ia 4500008004100000020002200041082001400063100002300077245006100100250001200161260003000173300001000203600003300213650002000246241115s9999 xx 000 0 und d a978-81-317-1552-9 a519.5 WAL aWalpole, Ronald E. 0aProbability and Statistics: for engineers and scientists a8th ed. aNew York:bPearson,c2007 a840p. aHumanities & Natural Science aSocial Sciences